00413nam a2200133Ia 4500008004100000041001200041100001700053245003900070260000600109650000700115942000700122999001700129952013300146221030s9999 xx 000 0 und d aEnglish aB. Tamilmani 0aCapital Budgetingcby B. Tamilmani c0 aMb cBK c14316d14316 pMB 758l0r2022-10-30 00:00:00w2022-10-30yBK003Print4070aMIETLIBbMIETLIBcBL-, FL-, CUP-0, SH-0, R-0d2012-12-0410HMBA